| 000 | 00996nam0a22002531 4500 | ||
|---|---|---|---|
| 001 | rc\4881532 | ||
| 005 | 20260408045948.0 | ||
| 021 |
_aRU _b66-34338 |
||
| 021 |
_aRU _bРг4063-66 |
||
| 035 | _a(NLR Aleph) 008826809 | ||
| 090 |
_a8256945 _c8256945 |
||
| 100 | _a20130426d1966 |||y0rusy50 ca | ||
| 101 | 0 | _arus | |
| 102 | _aRU | ||
| 105 | _aa z ||||| | ||
| 200 | 1 |
_aЦентробежный вентилятор ВШЦ-10 _eПаспорт и инструкция по монтажу и эксплуатации _fМ-во тяжелого энергет. и трансп. машиностроения СССР. Артемовский машиностроит. завод |
|
| 210 |
_a[Свердловск] _cЦБТИ _d1966 |
||
| 215 |
_a18 с. _cил. _d22 |
||
| 712 | 0 | 2 |
_aАртемовский машиностроительный завод _3RU\NLR\AUTH\8810194920 _9279283 |
| 801 | 0 |
_aRU _bNLR _gpsbo |
|
| 801 | 1 |
_aRU _bELAR _2rusmarc |
|
| 852 |
_aNLR _j66-6/5712 |
||
| 942 | _cBOOK | ||
| 980 | _aNB | ||